| 000 | 00545nam a2200193Ia 4500 | ||
|---|---|---|---|
| 008 | 131103s9999 xx 000 0 und d | ||
| 020 | _a140441204 | ||
| 040 | _aLoreto College | ||
| 041 | _aEnglish | ||
| 082 |
_a843/ZOL _bLCLIB/23795 |
||
| 100 | _aZola,Emile | ||
| 245 |
_aTherese raquin _cEmile Zola;translated and with an introduction by Leonard Tancock |
||
| 260 |
_aHarmoundsworth _bPenguin Books _c1975 |
||
| 300 |
_a256 p. _c 18 cm. |
||
| 440 | _aPenguin Classics | ||
| 700 | _aTancock,Leonard,tr. | ||
| 850 | _aLCLIB | ||
| 942 | _cBK | ||
| 999 |
_c5424 _d55903 |
||